[Event "Quebec-ch U12"]
[Site "Montreal CAN"]
[Date "2017.03.04"]
[Round "1"]
[White "Zheng, Richard"]
[Black "Laroche, Hugo"]
[Result "1-0"]
[WhiteElo "1800"]
[BlackElo "1339"]
[WhiteFideId "-1"]
[WhiteFideId "-1"]
[PlyCount "71"]
[GameId "2160767908478297"]
[EventDate "2017.03.04"]
[EventType "swiss"]
[EventRounds "5"]
[EventCountry "CAN"]
[SourceTitle "EXT 2022"]
[Source "ChessBase"]
[SourceDate "2021.10.06"]
[SourceVersion "1"]
[SourceVersionDate "2021.10.06"]
[SourceQuality "1"]

1. e4 e5 2. Nf3 Nc6 3. Bc4 Bc5 4. c3 Nf6 5. d4 exd4 6. cxd4 Bb4+ 7. Bd2 Nxe4 8. Bxb4 Nxb4 9. Bxf7+ Kxf7 10. Qb3+ d5 11. Ne5+ Ke8 12. Qxb4 Qe7 13. Qb3 c6 14. O-O Be6 15. f3 Nf6 16. Nc3 Qc7 17. Rfe1 Kd8 18. Na4 Nd7 19. Rac1 Nxe5 20. Rxe5 Re8 21. Rce1 Bf7 22. Rxe8+ Bxe8 23. Nc5 Bf7 24. Nxb7+ Kc8 25. Nc5 Rb8 26. Qc3 Qd6 27. Nd3 Rb7 28. Ne5 Rc7 29. Qa5 Re7 30. Qa6+ Kc7 31. Qxa7+ Kd8 32. Nxc6+ Qxc6 33. Qxe7+ Kc8 34. Qf8+ Kb7 35. Qxf7+ Kb6 36. Re6 1-0

[Event "Quebec-ch U12"]
[Site "Montreal CAN"]
[Date "2017.03.04"]
[Round "2"]
[White "Arcand, Louis"]
[Black "Gonzalez, Tristan"]
[Result "1-0"]
[WhiteElo "1271"]
[BlackElo "1225"]
[WhiteFideId "-1"]
[WhiteFideId "-1"]
[PlyCount "57"]
[GameId "2160767908478298"]
[EventDate "2017.03.04"]
[EventType "swiss"]
[EventRounds "5"]
[EventCountry "CAN"]
[SourceTitle "EXT 2022"]
[Source "ChessBase"]
[SourceDate "2021.10.06"]
[SourceVersion "1"]
[SourceVersionDate "2021.10.06"]
[SourceQuality "1"]

1. d4 d5 2. c4 e6 3. Nc3 c6 4. Nf3 Bd6 5. e4 dxc4 6. Bxc4 Nd7 7. Be3 Nb6 8. Bb3 Bd7 9. O-O Qc7 10. Rc1 O-O-O 11. Nb5 Qb8 12. d5 Bc7 13. d6 Bxd6 14. Nxd6+ Kc7 15. Nxf7 Kc8 16. N3e5 Qc7 17. Nxd8 Nf6 18. Bxb6 axb6 19. Nxd7 Rxd8 20. Bxe6 Nxd7 21. Qg4 Qe5 22. Rcd1 Qc7 23. Rd2 h5 24. Qxg7 Qf4 25. Rxd7 Rxd7 26. Qxd7+ Kb8 27. Rd1 Qxe4 28. b4 Qxb4 29. Qd6+ 1-0

[Event "Quebec-ch U12"]
[Site "Montreal CAN"]
[Date "2017.03.04"]
[Round "2"]
[White "Cracuin, David"]
[Black "Zheng, Richard"]
[Result "0-1"]
[WhiteElo "1566"]
[BlackElo "1800"]
[WhiteFideId "-1"]
[WhiteFideId "-1"]
[PlyCount "46"]
[GameId "2160767908478299"]
[EventDate "2017.03.04"]
[EventType "swiss"]
[EventRounds "5"]
[EventCountry "CAN"]
[SourceTitle "EXT 2022"]
[Source "ChessBase"]
[SourceDate "2021.10.06"]
[SourceVersion "1"]
[SourceVersionDate "2021.10.06"]
[SourceQuality "1"]

1. d4 d5 2. Bf4 Bf5 3. e3 Nf6 4. c3 e6 5. Nf3 Bd6 6. Bg3 O-O 7. Qb3 Bxg3 8. hxg3 b6 9. Nbd2 Nbd7 10. Nh4 Bg6 11. Nxg6 fxg6 12. Nf3 c5 13. O-O-O Ne4 14. Qc2 Ndf6 15. Ba6 Ng4 16. Rhf1 c4 17. b3 cxb3 18. axb3 b5 19. Bxb5 Qa5 20. Bd7 Qa1+ 21. Qb1 Qxc3+ 22. Qc2 Qa1+ 23. Qb1 Rac8+ 0-1

[Event "Quebec-ch U12"]
[Site "Montreal CAN"]
[Date "2017.03.04"]
[Round "2"]
[White "Laroche, Hugo"]
[Black "Blanco, Rafael"]
[Result "1-0"]
[WhiteElo "1339"]
[BlackElo "1008"]
[WhiteFideId "-1"]
[WhiteFideId "-1"]
[PlyCount "78"]
[GameId "2160767908478300"]
[EventDate "2017.03.04"]
[EventType "swiss"]
[EventRounds "5"]
[EventCountry "CAN"]
[SourceTitle "EXT 2022"]
[Source "ChessBase"]
[SourceDate "2021.10.06"]
[SourceVersion "1"]
[SourceVersionDate "2021.10.06"]
[SourceQuality "1"]

1. d4 d5 2. c4 e6 3. Nc3 Bb4 4. Bf4 Nf6 5. e3 Nbd7 6. Nf3 O-O 7. Qc2 c5 8. a3 Ba5 9. dxc5 Nxc5 10. b4 Nce4 11. bxa5 Qxa5 12. Rc1 Bd7 13. Bd3 Ba4 14. Qxa4 Qxa4 15. Nxa4 Ng4 16. O-O Ngf6 17. Bxe4 Nxe4 18. cxd5 exd5 19. Nc5 Nxc5 20. Rxc5 Rfd8 21. Rfc1 h6 22. Rc7 b5 23. Rb7 a6 24. h3 g5 25. Be5 Rf8 26. Rcc7 Rae8 27. Bd6 a5 28. Bxf8 Rxf8 29. Rxb5 a4 30. Rxd5 Kg7 31. Nxg5 hxg5 32. Rxg5+ Kf6 33. Rg3 Rd8 34. e4 Ke5 35. h4 Rh8 36. h5 Rh6 37. Rh3 f5 38. exf5 Kxf5 39. Rf7+ Kg5 1-0

[Event "Quebec-ch U12"]
[Site "Montreal CAN"]
[Date "2017.03.04"]
[Round "2"]
[White "Richard, Leo"]
[Black "Farahdel, Anahita"]
[Result "1-0"]
[WhiteElo "1621"]
[BlackElo "1071"]
[WhiteFideId "-1"]
[WhiteFideId "-1"]
[PlyCount "121"]
[GameId "2160767908478301"]
[EventDate "2017.03.04"]
[EventType "swiss"]
[EventRounds "5"]
[EventCountry "CAN"]
[SourceTitle "EXT 2022"]
[Source "ChessBase"]
[SourceDate "2021.10.06"]
[SourceVersion "1"]
[SourceVersionDate "2021.10.06"]
[SourceQuality "1"]

1. e4 e5 2. Nf3 Nc6 3. Bb5 Nf6 4. O-O Ng4 5. h3 h5 6. d4 exd4 7. hxg4 hxg4 8. Ng5 Qf6 9. Qxg4 d5 10. Qf3 Qe5 11. Qxf7+ Kd8 12. Bf4 Qe7 13. Qxe7+ Kxe7 14. exd5 Nb4 15. Re1+ Kf6 16. Na3 Nxd5 17. Bd2 Bd6 18. Ne4+ Ke6 19. Nxd6+ Kxd6 20. c4 dxc3 21. Bxc3 Nxc3 22. bxc3 Be6 23. Rad1+ Ke7 24. Bc4 Kf6 25. Rxe6+ Kf7 26. Rd7+ Kf8 27. Ree7 g5 28. Rh7 Rxh7 29. Rxh7 Rd8 30. Rh8+ Ke7 31. Rxd8 Kxd8 32. Nb5 a6 33. Nd4 Kd7 34. Ne6 b5 35. Bxb5+ axb5 36. Nxg5 c5 37. Ne4 Kc6 38. g4 b4 39. g5 Kd5 40. Nxc5 bxc3 41. Nb3 Ke5 42. g6 Kf6 43. a4 Kxg6 44. a5 Kf5 45. a6 Ke4 46. a7 Kd3 47. a8=Q Kc4 48. Qc8+ Kxb3 49. f4 c2 50. f5 Kb2 51. f6 c1=Q+ 52. Qxc1+ Kxc1 53. f7 Kd2 54. f8=Q Kd3 55. Qb4 Ke3 56. Qc4 Kf3 57. Qd4 Kg3 58. Qe4 Kh3 59. Qg6 Kh4 60. Kf2 Kh3 61. Qg3# 1-0

[Event "Quebec-ch U12"]
[Site "Montreal CAN"]
[Date "2017.03.04"]
[Round "2"]
[White "Tsukerman, Julia"]
[Black "Omichi, Haruaki"]
[Result "1/2-1/2"]
[WhiteElo "1534"]
[BlackElo "1624"]
[WhiteFideId "-1"]
[WhiteFideId "-1"]
[PlyCount "112"]
[GameId "2160767908478302"]
[EventDate "2017.03.04"]
[EventType "swiss"]
[EventRounds "5"]
[EventCountry "CAN"]
[SourceTitle "EXT 2022"]
[Source "ChessBase"]
[SourceDate "2021.10.06"]
[SourceVersion "1"]
[SourceVersionDate "2021.10.06"]
[SourceQuality "1"]

1. e4 c5 2. Nf3 Nc6 3. d4 cxd4 4. Nxd4 g6 5. c4 Bg7 6. Nc2 Nf6 7. Nc3 O-O 8. Be2 d6 9. O-O Nd7 10. Bd2 a5 11. Rb1 Nc5 12. f3 Bd7 13. Kh1 Rb8 14. Nb5 Na6 15. Be3 Ncb4 16. a3 Nxc2 17. Qxc2 Rc8 18. Qd2 Be6 19. Rfc1 b6 20. b3 Rb8 21. Nc3 Nc7 22. Nd5 Nxd5 23. exd5 Bd7 24. a4 f5 25. f4 Re8 26. Bf3 Bc8 27. Bf2 Bb7 28. b4 Ba6 29. bxa5 bxa5 30. Rxb8 Qxb8 31. Qxa5 Qb2 32. Qe1 Qa3 33. a5 Rb8 34. Bb6 Bf6 35. Qe3 Qxe3 36. Bxe3 Rb4 37. c5 Rb3 38. cxd6 Rxe3 39. d7 e5 40. fxe5 Rxe5 41. Rc8+ Kf7 42. h3 Re1+ 43. Kh2 Be5+ 44. g3 Bf6 45. d8=Q Bxd8 46. Rxd8 Ra1 47. Rd7+ Ke8 48. Rxh7 Ra3 49. Kg2 Ra2+ 50. Kg1 Ra3 51. Kg2 Ra2+ 52. Kg1 Ra3 53. Kf2 Ra2+ 54. Kg1 Ra3 55. Kg2 Ra2+ 56. Kg1 Ra3 1/2-1/2

[Event "Quebec-ch U12"]
[Site "Montreal CAN"]
[Date "2017.03.04"]
[Round "2"]
[White "Yu, Daniel-Tianqi"]
[Black "Cossette-Labbe, Raphael"]
[Result "1-0"]
[WhiteElo "1632"]
[BlackElo "1008"]
[WhiteFideId "-1"]
[WhiteFideId "-1"]
[PlyCount "63"]
[GameId "2160767908478303"]
[EventDate "2017.03.04"]
[EventType "swiss"]
[EventRounds "5"]
[EventCountry "CAN"]
[SourceTitle "EXT 2022"]
[Source "ChessBase"]
[SourceDate "2021.10.06"]
[SourceVersion "1"]
[SourceVersionDate "2021.10.06"]
[SourceQuality "1"]

1. g4 e6 2. h3 d5 3. Bg2 Nf6 4. d3 Bd7 5. c4 Bc6 6. cxd5 Nxd5 7. Nf3 Nb4 8. Bf4 Nd7 9. Nc3 Bc5 10. a3 Nd5 11. Nxd5 Bxd5 12. Rc1 Qf6 13. Bxc7 Qxb2 14. O-O O-O 15. Qa4 Qxe2 16. Qxd7 Bc6 17. Nd4 Qxd3 18. Bxc6 bxc6 19. Rxc5 Qxa3 20. Rg5 g6 21. Bd6 Rfd8 22. Qxd8+ Rxd8 23. Bxa3 Rxd4 24. Rb1 Rd8 25. Be7 Re8 26. Bf6 h6 27. Rc5 Rc8 28. Rxc6 Rf8 29. Rbc1 a5 30. Rc8 Rxc8 31. Rxc8+ Kh7 32. Rh8# 1-0

[Event "Quebec-ch U12"]
[Site "Montreal CAN"]
[Date "2017.03.04"]
[Round "2"]
[White "Zhong, Ziyi"]
[Black "Sui, Yu Shun"]
[Result "0-1"]
[WhiteElo "1253"]
[BlackElo "1322"]
[WhiteFideId "-1"]
[WhiteFideId "-1"]
[PlyCount "68"]
[GameId "2160767908478304"]
[EventDate "2017.03.04"]
[EventType "swiss"]
[EventRounds "5"]
[EventCountry "CAN"]
[SourceTitle "EXT 2022"]
[Source "ChessBase"]
[SourceDate "2021.10.06"]
[SourceVersion "1"]
[SourceVersionDate "2021.10.06"]
[SourceQuality "1"]

1. e4 e5 2. Nf3 Nc6 3. Bc4 Nd4 4. Nxe5 Qg5 5. Ng4 d5 6. d3 Qxg4 7. Qxg4 Bxg4 8. Bb3 dxe4 9. dxe4 O-O-O 10. f3 Be6 11. O-O Bc5 12. Kh1 h5 13. Nc3 h4 14. Bf4 Bxb3 15. cxb3 f6 16. h3 g5 17. Bh2 f5 18. Rad1 Nf6 19. Be5 Nh5 20. Kh2 Rhe8 21. Bxd4 Bxd4 22. Nd5 Be5+ 23. Kg1 Ng3 24. Rfe1 fxe4 25. fxe4 Bxb2 26. Nf6 Bxf6 27. Rc1 Rxe4 28. Rxe4 Nxe4 29. Rf1 Bd4+ 30. Kh2 Ng3 31. Rc1 Rf8 32. Re1 Rf1 33. Re8+ Kd7 34. Rg8 Rh1# 0-1

[Event "Quebec-ch U12"]
[Site "Montreal CAN"]
[Date "2017.03.04"]
[Round "3"]
[White "Cossette-Labbe, Raphael"]
[Black "Laroche, Hugo"]
[Result "0-1"]
[WhiteElo "1008"]
[BlackElo "1339"]
[WhiteFideId "-1"]
[WhiteFideId "-1"]
[PlyCount "54"]
[GameId "2160767908478305"]
[EventDate "2017.03.04"]
[EventType "swiss"]
[EventRounds "5"]
[EventCountry "CAN"]
[SourceTitle "EXT 2022"]
[Source "ChessBase"]
[SourceDate "2021.10.06"]
[SourceVersion "1"]
[SourceVersionDate "2021.10.06"]
[SourceQuality "1"]

1. d3 d5 2. e4 c6 3. Nc3 e5 4. Nf3 Qd6 5. d4 exd4 6. Nxd4 dxe4 7. Nxe4 Qe5 8. f3 f5 9. f4 Qxe4+ 10. Be2 Bc5 11. c3 Nf6 12. O-O O-O 13. Bf3 Bxd4+ 14. cxd4 Qe7 15. Bd2 Qf7 16. Bc3 Be6 17. Bb4 Re8 18. b3 Bd5 19. Be2 Qg6 20. g3 Re3 21. Qe1 Qe8 22. Rf2 Ng4 23. Bd2 Nxf2 24. Bxe3 Qe4 25. Kf1 Qh1+ 26. Kxf2 Qxh2+ 27. Kf1 Qg2# 0-1

[Event "Quebec-ch U12"]
[Site "Montreal CAN"]
[Date "2017.03.04"]
[Round "3"]
[White "Farahdel, Anahita"]
[Black "Zhong, Ziyi"]
[Result "0-1"]
[WhiteElo "1071"]
[BlackElo "1253"]
[WhiteFideId "-1"]
[WhiteFideId "-1"]
[PlyCount "112"]
[GameId "2160767908478306"]
[EventDate "2017.03.04"]
[EventType "swiss"]
[EventRounds "5"]
[EventCountry "CAN"]
[SourceTitle "EXT 2022"]
[Source "ChessBase"]
[SourceDate "2021.10.06"]
[SourceVersion "1"]
[SourceVersionDate "2021.10.06"]
[SourceQuality "1"]

1. e4 e5 2. Nf3 Nc6 3. Bc4 Nf6 4. d3 d6 5. Nc3 Bg4 6. Bg5 Nd4 7. Nxe5 dxe5 8. f3 Be6 9. Nd5 Bxd5 10. Bxd5 c6 11. c3 Nb5 12. Qb3 Nd6 13. Qa4 Be7 14. f4 Nxd5 15. exd5 O-O 16. dxc6 bxc6 17. Qxc6 Bxg5 18. fxg5 Rc8 19. Qf3 Qxg5 20. h4 Qf4 21. Qh3 e4 22. Rf1 Qe5 23. d4 Qb5 24. b3 Qd3 25. Qxd3 exd3 26. O-O-O Ne4 27. Rxd3 Rxc3+ 28. Rxc3 Nxc3 29. Kb2 Nb5 30. Rd1 Rd8 31. d5 Nc7 32. d6 Ne8 33. d7 Nf6 34. Kc3 Rxd7 35. Rxd7 Nxd7 36. a4 f5 37. Kb4 Kf7 38. Kb5 Nb8 39. b4 h6 40. Kc5 Ke6 41. b5 g5 42. a5 gxh4 43. b6 axb6+ 44. Kxb6 Kd6 45. Kb5 f4 46. Kc4 f3 47. gxf3 h3 48. f4 h2 49. f5 h1=Q 50. f6 Qh4+ 51. Kb5 Qxf6 52. Kc4 Qf3 53. Kb4 Qd3 54. Ka4 Nc6 55. a6 Qc3 56. a7 Qb4# 0-1

[Event "Quebec-ch U12"]
[Site "Montreal CAN"]
[Date "2017.03.04"]
[Round "3"]
[White "Gonzalez, Tristan"]
[Black "Cracuin, David"]
[Result "0-1"]
[WhiteElo "1225"]
[BlackElo "1566"]
[WhiteFideId "-1"]
[WhiteFideId "-1"]
[PlyCount "64"]
[GameId "2160767908478307"]
[EventDate "2017.03.04"]
[EventType "swiss"]
[EventRounds "5"]
[EventCountry "CAN"]
[SourceTitle "EXT 2022"]
[Source "ChessBase"]
[SourceDate "2021.10.06"]
[SourceVersion "1"]
[SourceVersionDate "2021.10.06"]
[SourceQuality "1"]

1. d4 d5 2. e3 Bf5 3. f4 e6 4. Bd3 Bg6 5. Nf3 Nf6 6. O-O Bd6 7. Nbd2 Nbd7 8. Ne5 O-O 9. g4 c5 10. Bxg6 fxg6 11. c3 Qe7 12. Rf2 Rfc8 13. Rg2 b5 14. Rg3 b4 15. Rh3 Rab8 16. Qf3 Rc7 17. Nb3 Nf8 18. Bd2 Ne4 19. g5 c4 20. Be1 cxb3 21. axb3 bxc3 22. bxc3 Rxb3 23. Qd1 Rb8 24. Rc1 Bxe5 25. dxe5 Rc4 26. Rc2 Qa3 27. Qf3 Rb1 28. Kf1 Rxc3 29. Rxc3 Qxc3 30. Qe2 Nd7 31. Qg4 Qxe1+ 32. Kg2 Qf2# 0-1

[Event "Quebec-ch U12"]
[Site "Montreal CAN"]
[Date "2017.03.04"]
[Round "3"]
[White "Hall, Arturo"]
[Black "Richard, Leo"]
[Result "0-1"]
[WhiteElo "1136"]
[BlackElo "1621"]
[WhiteFideId "-1"]
[WhiteFideId "-1"]
[PlyCount "64"]
[GameId "2160767908478308"]
[EventDate "2017.03.04"]
[EventType "swiss"]
[EventRounds "5"]
[EventCountry "CAN"]
[SourceTitle "EXT 2022"]
[Source "ChessBase"]
[SourceDate "2021.10.06"]
[SourceVersion "1"]
[SourceVersionDate "2021.10.06"]
[SourceQuality "1"]

1. d4 Nf6 2. Nc3 d5 3. Bf4 e6 4. e3 Bb4 5. Nf3 Ne4 6. Qd3 f5 7. Ne5 O-O 8. h3 Qh4 9. g3 Qe7 10. Nf3 b6 11. a3 Ba6 12. Qd1 Bxc3+ 13. bxc3 Bxf1 14. Rxf1 Nxc3 15. Qd3 Ne4 16. Ke2 c5 17. Rac1 c4 18. Bg5 Qe8 19. Qxe4 fxe4 20. c3 Rxf3 21. Bf4 Qh5 22. g4 Qxh3 23. Rg1 Qh4 24. Rgf1 Qe7 25. Ra1 Nc6 26. g5 e5 27. dxe5 Nxe5 28. Rfd1 Nd3 29. Rf1 Rf8 30. Bg3 Qxg5 31. a4 Nxf2 32. Bxf2 Qg2 0-1

[Event "Quebec-ch U12"]
[Site "Montreal CAN"]
[Date "2017.03.04"]
[Round "3"]
[White "Sui, Yu Shun"]
[Black "Tsukerman, Julia"]
[Result "0-1"]
[WhiteElo "1322"]
[BlackElo "1534"]
[WhiteFideId "-1"]
[WhiteFideId "-1"]
[PlyCount "76"]
[GameId "2160767908478309"]
[EventDate "2017.03.04"]
[EventType "swiss"]
[EventRounds "5"]
[EventCountry "CAN"]
[SourceTitle "EXT 2022"]
[Source "ChessBase"]
[SourceDate "2021.10.06"]
[SourceVersion "1"]
[SourceVersionDate "2021.10.06"]
[SourceQuality "1"]

1. e4 c5 2. Nf3 d6 3. d4 cxd4 4. Nxd4 Nf6 5. Nc3 a6 6. Be2 e6 7. Bg5 Be7 8. Qd2 O-O 9. O-O Qc7 10. f4 b5 11. a3 Bb7 12. Bd3 Qb6 13. Qf2 h6 14. Bxf6 Bxf6 15. Nce2 Nd7 16. f5 Rae8 17. c3 Nc5 18. Qf3 e5 19. Kh1 exd4 20. cxd4 Nxd3 21. Qxd3 Bxe4 22. Qd2 Bg5 23. Qd1 Qb7 24. Rf2 Be3 25. Qf1 Bxf2 26. Qxf2 Qd7 27. Ng3 d5 28. Rf1 f6 29. Nh5 Rc8 30. h3 Rc2 31. Qg3 Rxg2 32. Nxf6+ Rxf6 33. Qb8+ Rf8 34. Qe5 Rxb2+ 35. Kg1 Rg2+ 36. Kh1 Rf2+ 37. Kg1 Rxf1+ 38. Kxf1 Rxf5+ 0-1

[Event "Quebec-ch U12"]
[Site "Montreal CAN"]
[Date "2017.03.04"]
[Round "3"]
[White "Zheng, Richard"]
[Black "Yu, Daniel-Tianqi"]
[Result "1-0"]
[WhiteElo "1800"]
[BlackElo "1632"]
[WhiteFideId "-1"]
[WhiteFideId "-1"]
[PlyCount "71"]
[GameId "2160767908478310"]
[EventDate "2017.03.04"]
[EventType "swiss"]
[EventRounds "5"]
[EventCountry "CAN"]
[SourceTitle "EXT 2022"]
[Source "ChessBase"]
[SourceDate "2021.10.06"]
[SourceVersion "1"]
[SourceVersionDate "2021.10.06"]
[SourceQuality "1"]

1. d4 d5 2. c4 e6 3. Nc3 Nf6 4. cxd5 exd5 5. Bg5 Bb4 6. Qc2 Nc6 7. e3 h6 8. Bh4 g5 9. Bg3 Ne4 10. Bd3 Bf5 11. Nge2 Qe7 12. O-O-O Bxc3 13. Nxc3 O-O-O 14. Bxe4 Nb4 15. Bxf5+ Kb8 16. Qd2 h5 17. a3 Nc6 18. Nb5 Rd6 19. Bxd6 cxd6 20. Nc3 Qf6 21. Bc2 Qe6 22. Bb3 Na5 23. Bxd5 Qd7 24. b4 Nc6 25. Bxc6 Qxc6 26. d5 Qa6 27. Kb2 Rc8 28. Qe2 Qb6 29. Rc1 Qd8 30. Nb5 Qf6+ 31. Nd4 Re8 32. Qc2 a6 33. Qc7+ Ka8 34. Rhf1 Ka7 35. Ka2 Re7 36. Nc6+ 1-0

[Event "Quebec-ch U12"]
[Site "Montreal CAN"]
[Date "2017.03.05"]
[Round "4"]
[White "Blanco, Rafael"]
[Black "Gonzalez, Tristan"]
[Result "1/2-1/2"]
[WhiteElo "1008"]
[BlackElo "1225"]
[WhiteFideId "-1"]
[WhiteFideId "-1"]
[PlyCount "155"]
[GameId "2160767908478311"]
[EventDate "2017.03.04"]
[EventType "swiss"]
[EventRounds "5"]
[EventCountry "CAN"]
[SourceTitle "EXT 2022"]
[Source "ChessBase"]
[SourceDate "2021.10.06"]
[SourceVersion "1"]
[SourceVersionDate "2021.10.06"]
[SourceQuality "1"]

1. d4 d5 2. c4 e6 3. Nf3 c6 4. Nc3 Bd6 5. Bg5 Ne7 6. e3 f5 7. Qc2 Nd7 8. Rc1 O-O 9. Bd3 Qe8 10. O-O Ng6 11. cxd5 cxd5 12. Nb5 Bb8 13. Qc3 h6 14. Bh4 Nxh4 15. Nxh4 Qh5 16. Nf3 a6 17. Nc7 Bxc7 18. Qxc7 Qe8 19. b4 Qd8 20. Qd6 Nf6 21. Qg3 Bd7 22. Ne5 Be8 23. Rc2 Rc8 24. Rfc1 Rxc2 25. Rxc2 Bf7 26. Nxf7 Rxf7 27. h3 Qb6 28. a3 Rd7 29. Rc8+ Rd8 30. Rc7 Rd7 31. Rc1 Qd6 32. Rc8+ Kf7 33. Qxd6 Rxd6 34. Rc7+ Rd7 35. Rc1 Ke7 36. b5 a5 37. b6 Ne8 38. Bb5 Rd6 39. Bxe8 Kxe8 40. Rb1 Rc6 41. Kh2 Rc2 42. f3 Rc3 43. Re1 Rxa3 44. e4 fxe4 45. fxe4 dxe4 46. Rxe4 Kf7 47. Re5 a4 48. Ra5 Rb3 49. Rxa4 Rxb6 50. Rc4 Rb1 51. Rc3 b5 52. Rc7+ Kf8 53. Rb7 b4 54. Kg3 b3 55. Kg4 g6 56. g3 b2 57. h4 Rd1 58. Rxb2 Rxd4+ 59. Kh3 Rd7 60. Rb5 Re7 61. g4 e5 62. Rb6 Kf7 63. h5 Re6 64. Rb7+ Kf6 65. Rh7 Kg5 66. hxg6 Kxg6 67. Rb7 e4 68. Kg2 Kg5 69. Kg3 e3 70. Rb1 Re4 71. Re1 Rxg4+ 72. Kf3 Kh4 73. Kxe3 h5 74. Rh1+ Kg5 75. Kf3 h4 76. Rh3 Rf4+ 77. Ke3 Kg4 78. Rxh4+ 1/2-1/2

[Event "Quebec-ch U12"]
[Site "Montreal CAN"]
[Date "2017.03.05"]
[Round "4"]
[White "Hall, Arturo"]
[Black "Sui, Yu Shun"]
[Result "1/2-1/2"]
[WhiteElo "1136"]
[BlackElo "1322"]
[WhiteFideId "-1"]
[WhiteFideId "-1"]
[PlyCount "46"]
[GameId "2160767908478312"]
[EventDate "2017.03.04"]
[EventType "swiss"]
[EventRounds "5"]
[EventCountry "CAN"]
[SourceTitle "EXT 2022"]
[Source "ChessBase"]
[SourceDate "2021.10.06"]
[SourceVersion "1"]
[SourceVersionDate "2021.10.06"]
[SourceQuality "1"]

1. d4 d5 2. Bf4 Nc6 3. g3 Bf5 4. a3 e6 5. Nc3 Bd6 6. Bxd6 cxd6 7. Bg2 Nf6 8. Nf3 e5 9. dxe5 dxe5 10. O-O O-O 11. Re1 e4 12. Nd4 Bg6 13. e3 Qd7 14. h3 Rac8 15. Nce2 Bh5 16. Qd2 h6 17. Nf4 Nxd4 18. exd4 Qd6 19. c3 Rce8 20. Qe3 Re7 21. Rec1 Rc8 22. Re1 Rce8 23. Rec1 Rc8 1/2-1/2

[Event "Quebec-ch U12"]
[Site "Montreal CAN"]
[Date "2017.03.05"]
[Round "4"]
[White "Laroche, Hugo"]
[Black "Arcand, Louis"]
[Result "1-0"]
[WhiteElo "1339"]
[BlackElo "1271"]
[WhiteFideId "-1"]
[WhiteFideId "-1"]
[PlyCount "67"]
[GameId "2160767739054368"]
[EventDate "2017.03.04"]
[EventType "swiss"]
[EventRounds "5"]
[EventCountry "CAN"]
[SourceTitle "EXT 2022"]
[Source "ChessBase"]
[SourceDate "2021.10.06"]
[SourceVersion "1"]
[SourceVersionDate "2021.10.06"]
[SourceQuality "1"]

1. d4 d5 2. Bf4 e6 3. Nf3 Nf6 4. e3 Nbd7 5. Nbd2 c5 6. c3 b6 7. Bd3 Bb7 8. a4 Be7 9. h3 h6 10. O-O O-O 11. Qe2 Qc8 12. Bc2 Ba6 13. Bd3 Bb7 14. Rac1 Rd8 15. Bc2 Ba6 16. Bd3 c4 17. Bc2 Qb7 18. Ne5 Bd6 19. Nxd7 Rxd7 20. Bxd6 Rxd6 21. e4 dxe4 22. Nxe4 Nxe4 23. Bxe4 Qc8 24. Bxa8 Qxa8 25. f3 Qc6 26. Qe4 Rd5 27. a5 b5 28. Rce1 Bb7 29. Qf4 a6 30. Re5 Qc7 31. Qe3 Rd7 32. Rc5 Qd8 33. Qe5 Bd5 34. f4 {...} 1-0

[Event "Quebec-ch U12"]
[Site "Montreal CAN"]
[Date "2017.03.05"]
[Round "4"]
[White "Richard, Leo"]
[Black "Cracuin, David"]
[Result "0-1"]
[WhiteElo "1621"]
[BlackElo "1566"]
[WhiteFideId "-1"]
[WhiteFideId "-1"]
[PlyCount "36"]
[GameId "2160767908478313"]
[EventDate "2017.03.04"]
[EventType "swiss"]
[EventRounds "5"]
[EventCountry "CAN"]
[SourceTitle "EXT 2022"]
[Source "ChessBase"]
[SourceDate "2021.10.06"]
[SourceVersion "1"]
[SourceVersionDate "2021.10.06"]
[SourceQuality "1"]

1. e4 e5 2. Nf3 Nc6 3. Bb5 a6 4. Ba4 Nf6 5. O-O Be7 6. Re1 b5 7. Bb3 O-O 8. c3 d5 9. exd5 Nxd5 10. Nxe5 Nxe5 11. Rxe5 c6 12. d4 Bd6 13. Re1 Qh4 14. g3 Qh3 15. Be3 Bg4 16. f3 Bxg3 17. Bxd5 Qxh2+ 18. Kf1 Bh3# 0-1

[Event "Quebec-ch U12"]
[Site "Montreal CAN"]
[Date "2017.03.05"]
[Round "4"]
[White "Tsukerman, Julia"]
[Black "Zheng, Richard"]
[Result "1/2-1/2"]
[WhiteElo "1534"]
[BlackElo "1800"]
[WhiteFideId "-1"]
[WhiteFideId "-1"]
[PlyCount "62"]
[GameId "2160767908478314"]
[EventDate "2017.03.04"]
[EventType "swiss"]
[EventRounds "5"]
[EventCountry "CAN"]
[SourceTitle "EXT 2022"]
[Source "ChessBase"]
[SourceDate "2021.10.06"]
[SourceVersion "1"]
[SourceVersionDate "2021.10.06"]
[SourceQuality "1"]

1. e4 e5 2. Nf3 Nc6 3. Bb5 Nf6 4. d3 Bc5 5. c3 O-O 6. Bxc6 bxc6 7. Nxe5 Re8 8. Nf3 Ba6 9. O-O Nxe4 10. dxe4 Bxf1 11. Qxf1 Rxe4 12. Nbd2 Re8 13. Nc4 d6 14. Bd2 Qd7 15. Qd3 f6 16. h3 Re7 17. Re1 Rae8 18. a4 Rxe1+ 19. Nxe1 d5 20. b4 Qe6 21. Ne3 Bd6 22. Nf3 Qe4 23. Qa6 c5 24. Qxa7 cxb4 25. cxb4 Qb1+ 26. Nf1 Bxb4 27. Bxb4 Qxb4 28. Ne3 Qb6 29. Qxb6 cxb6 30. Nxd5 Ra8 31. Nxb6 Ra6 1/2-1/2

[Event "Quebec-ch U12"]
[Site "Montreal CAN"]
[Date "2017.03.05"]
[Round "4"]
[White "Zhong, Ziyi"]
[Black "Cossette-Labbe, Raphael"]
[Result "1-0"]
[WhiteElo "1253"]
[BlackElo "1008"]
[WhiteFideId "-1"]
[WhiteFideId "-1"]
[PlyCount "55"]
[GameId "2160767908478316"]
[EventDate "2017.03.04"]
[EventType "swiss"]
[EventRounds "5"]
[EventCountry "CAN"]
[SourceTitle "EXT 2022"]
[Source "ChessBase"]
[SourceDate "2021.10.06"]
[SourceVersion "1"]
[SourceVersionDate "2021.10.06"]
[SourceQuality "1"]

1. e4 e6 2. Nc3 d5 3. exd5 exd5 4. d4 Nc6 5. Nf3 Nf6 6. Bb5 Bd7 7. Bg5 Be7 8. O-O O-O 9. Bxf6 Bxf6 10. Nxd5 Be6 11. Nxf6+ Qxf6 12. Bxc6 bxc6 13. Ne5 Rab8 14. b3 Bd5 15. c4 Be4 16. Nd7 Qd8 17. Nxb8 Qxb8 18. Re1 Bf5 19. Qf3 g6 20. Qxc6 Rd8 21. Rac1 Bd7 22. Qf6 Qc8 23. d5 c6 24. Re7 Be8 25. Rce1 h5 26. dxc6 Bxc6 27. Qxf7+ Kh8 28. Qh7# 1-0